| 000 | 01410nam a2200193Ia 4500 | ||
|---|---|---|---|
| 003 | Ost | ||
| 005 | 20260507075109.0 | ||
| 008 | 260507s9999||||xx |||||||||||||| ||und|| | ||
| 040 | _cfsecg | ||
| 041 | _aara | ||
| 082 | _a330 | ||
| 100 |
_aالعيسوي، عبد الرحمن محمد _eمؤلف |
||
| 245 | 0 |
_aعلم النفس والانتاج / _c عبد الرحمن محمد العيسوي |
|
| 260 |
_aالاسكندرية: _bالدار الجامعية للطباعة والنشر والتوزيع, _c2000 |
||
| 300 |
_a395 صفحة؛ _c24 سم |
||
| 520 | _aهذا الكتاب : -1- دور علم النفس ةالانتاج -2- مكانة علم النفس في الصناعة الحديثة -3- النظام الرأس مالي المتطرف وعيوبه -4- مذهب الحرية الفردية المطلقة -5- الصراع الصناعي -6- التوجيه المهني -7- التدريب المهني -8- المقابلة -9- قياس العلاقات الإجتماعية -10-الروح المعنوية 11- تحليل العمل -12-الظروف الفيزيقية المحيطة بالعمل - 13- سيكولوجية الإدارة -14- طبيعة السلوك الإنساني -15- الدور السيكولوجي للمشرف -16- الأمن الصناعي وحوادث العمل 17 القدرات وقياسها | ||
| 653 | _aانتاج - علم النفس | ||
| 942 | _cكتاب | ||
| 999 |
_c42849 _d42849 |
||